| 000 | 01242nam a2200217 i 4500 | ||
|---|---|---|---|
| 001 | 187513 | ||
| 003 | ES-MaACL | ||
| 005 | 20251013213750.0 | ||
| 008 | 171020s1930 fr |||| | fre d | ||
| 245 | 0 | 3 |
_aLe théâtre à Paris au XVIIIe siècle _b: conférences du Musée Carnavalet (1929) ... / _cavertissement, par Jean Robiquet. |
| 260 |
_aParis : _bPayot, _c1930. |
||
| 300 |
_a237 p., 8 h. de lám. : _bil. ; _c23 cm. |
||
| 490 | 1 | _aConférences du Musée Carnavalet | |
| 505 | 8 | _aContiene: Le théâtre d'amour / par Maurice Donnay -- Le théâtre satirique / par Émile Henriot -- Le théâtre de la foire / par Fortunat Strowski -- La musique au théâtre / par Adolphe Boschot -- Comment on jouait la comédie / par Henry Bidou -- Les demoiselles de comédie / par Paul Reboux -- Le métier d'auteur dramatique / par A.-E. Sorel -- Les grandes figures du théâtre / par Denis d'Inès -- La comédie italienne et ses peintres / par Camille Mauclair | |
| 650 | 0 | 4 |
_aTeatro- _zFrancia- _yS.XVIII _917309 |
| 700 | 1 |
_aRobiquet, Jean, _d1874-1960 _9163738 |
|
| 710 | 2 |
_aMusée Carnavalet (Paris) _9163734 |
|
| 830 | 0 |
_aConférences du Musée Carnavalet _9192790 |
|
| 852 |
_aES-MaACL _jA-2815 |
||
| 999 |
_c187513 _d187513 |
||